| 000 | 00727nam a22002177a 4500 | ||
|---|---|---|---|
| 999 |
_c4204 _d4204 |
||
| 003 | AR-CdUCM | ||
| 008 | 190308b ||||| |||| 00| 0 spa d | ||
| 040 |
_aMUNICIPALIDAD PROVINCIAL DEL CUSCO _cBIBLIOTECA MUNICIPAL DEL CUSCO |
||
| 082 |
_a869.56 / _bA52 |
||
| 100 |
_aAmoros T, Rafael _913317 |
||
| 245 |
_aEl color de la esperanza : _bY otros poemas / |
||
| 260 |
_aLima : _bLluvia editores, _c1990. |
||
| 300 |
_a49 paginas ; _c20 cm. |
||
| 505 | _aContenido : Invitación -- Avenida de la vida -- La vida pasa Llegado el momento ... | ||
| 650 |
_aPoema peruana _913318 |
||
| 650 |
_aPoema latinoamericana _913319 |
||
| 650 |
_aPoema universal _913320 |
||
| 710 |
_aCONCYTEC _92809 |
||
| 942 |
_2ddc _cLIBROS |
||
| 945 | _arah | ||